000 00867cam a22002411i 4500
003 SA-RiAUC
005 20250929114755.0
008 250924s1981 su g 000 0 ara c
040 _aJO-AmWISE
_bara
_cSA-RiAUC
_erda
082 0 4 _a210.4
_qSA-RiAUC
090 _a210.4
_bج م ا
100 1 _aجمال، أحمد محمد صالح،
_d1343-1413 هجري
_eمؤلف.
245 1 0 _aمكانك تحمدي /
_cأحمد محمد جمال.
250 _aالطبعة الرابعة.
264 1 _aالرياض :
_bالكتاب العربي السعودي،
_c1981
300 _a361 صفحة؛
_c24 سم.
336 _aنص
_btxt
_2rdacontent
_3كتاب
337 _aبدون وسيط
_bn
_2rdamedia
338 _aمجلد
_bnc
_2rdacarrier
650 7 _aالمرأة في الإسلام
_2aucsh
942 _2ddc
_cBOOK
_n0
949 _aSA-JeALM
_d250924
_umohamedma123
_n1
999 _c12193
_d12193